| 000 | 00881nas a2200301 4500 | ||
|---|---|---|---|
| 001 | BR2013005171 | ||
| 003 | BR-BrBNA | ||
| 005 | 20231205122619.0 | ||
| 007 | ta | ||
| 008 | 230509b bl.|||p| |||| 00| 00por d | ||
| 040 |
_aBR-BrBNA _bpor _cBiblioteca Nacional de Agricultura |
||
| 041 | _a(Es) | ||
| 072 | _aH20 | ||
| 100 | 1 | _aRodríguez, V.A. | |
| 100 | 1 | _aAvanza, M.M. | |
| 100 | 1 | _aMazza, S.M. | |
| 100 | 1 | _aGiménez, L.I. | |
| 245 | 1 | _aEfecto del pyraclostrobin en el control de mancha negra de los cítricos | |
| 650 | _aFRUTA CÍTRICA | ||
| 650 | _aMANCHA PRETA | ||
| 650 | _aFUNGO | ||
| 650 | _aFUNGICIDA | ||
| 650 | _aDOENÇA DE PLANTA | ||
| 650 | _aCONTROLE QUÍMICO | ||
| 773 | 0 |
_tSumma Phytopathologica (Brazil) _xISSN 0100-5405 _g(Oct-Dec 2010), v. 36(4) p. 334-337 _wBR2013005171 |
|
| 909 |
_a202311 _bLúcia _c55 _dLúcia Elande |
||
| 942 |
_2AGRIS _n0 _cANA |
||
| 999 |
_c229578 _d229578 |
||